Roots of Ethical Conflicts in Education

Korene budovania morálneho kompasu jednotlivca. Zdroje a príčiny morálnych konfliktov v akademickom prostredí. Posúdenie postavenia etickej výchovy v našom vzdelávacom systéme.

Gespeichert in:
Bibliographische Detailangaben
1. Verfasser: Hrivíková, Tatiana, 1959-
Format: Buchkapitel
Sprache:Slowakisch
Schlagworte:
Tags: Tag hinzufügen
Keine Tags, Fügen Sie das erste Tag hinzu!

MARC

LEADER 00000naa$a2200000$$$4500
001 0281136
005 20240502083903.1
041 0 |a slo 
044 |a CZ 
245 1 0 |a Roots of Ethical Conflicts in Education  |c Tatiana Hrivíková 
520 |a Korene budovania morálneho kompasu jednotlivca. Zdroje a príčiny morálnych konfliktov v akademickom prostredí. Posúdenie postavenia etickej výchovy v našom vzdelávacom systéme. 
610 2 0 |a etika 
610 2 0 |a vzdelávanie 
610 2 0 |a morálka 
100 1 |a Hrivíková, Tatiana, 1959-